|
|
|
|
| LEADER |
01587cas a2200241 a 4500 |
| 001 |
AALejournalIMF010332 |
| 008 |
230101c9999 xx r poo 0 0eng d |
| 020 |
|
|
|c 5.00 USD
|
| 020 |
|
|
|z 9781451968774
|
| 022 |
|
|
|a 0047-083X
|
| 040 |
|
|
|a BD-DhAAL
|c BD-DhAAL
|
| 110 |
2 |
|
|a International Monetary Fund.
|b External Relations Dept.
|
| 245 |
1 |
0 |
|a IMF Survey, Volume 33, Issue 16.
|
| 264 |
|
1 |
|a Washington, D.C. :
|b International Monetary Fund,
|c 2004.
|
| 300 |
|
|
|a 1 online resource (16 pages)
|
| 490 |
1 |
|
|a IMF Survey
|
| 500 |
|
|
|a <strong>Off-Campus Access:</strong> No User ID or Password Required
|
| 500 |
|
|
|a <strong>On-Campus Access:</strong> No User ID or Password Required
|
| 506 |
|
|
|a Electronic access restricted to authorized BRAC University faculty, staff and students
|
| 520 |
3 |
|
|a In July, the IMF's Independent Evaluation Office (IEO) released the findings of its review of the IMF-World Bank's Poverty Reduction Strategy Paper (PRSP) process and the IMF's Poverty Reduction and Growth Facility (PRGF).The main aims of the wide-ranging evaluation were to determine whether these two initiatives have been implemented according to original expectations and whether the IMF has been sufficiently supportive of the broader PRSP process. David Goldsbrough, Acting Director of the IEO, spoke with Jacqueline Irving of the IMF Survey about the report's findings.
|
| 538 |
|
|
|a Mode of access: Internet
|
| 830 |
|
0 |
|a IMF Survey; IMF Survey ;
|v No. 0033/016
|
| 856 |
4 |
0 |
|z Full text available on IMF
|u http://elibrary.imf.org/view/journals/023/0033/016/023.0033.issue-016-en.xml
|z IMF e-Library
|